000 00261nam a2200109Ia 4500
008 190912s9999||||xx |||||||||||||| ||und||
100 _aRex Gibson
245 0 _aShakespeare : Romeo And Juliet
260 _aUK
_bUniversal Book
_c1995
300 _a220
942 _cBK
999 _c7220
_d7220